Toutes les Techniques de Dvalin/Dave Quagmire D'Inazuma Eleven - Statistiques

Statistiques générales
  • Ce quiz a été pris 43 fois
  • Le résultat moyen est 6 sur 8
Statistiques - réponses
Réponse Type de quiz Première Utilisation % Correct
Perceuse GK S2
100%
Trou de Ver GK S2
100%
Gungnir TIR S2
91%
Savoir Suprême TIR S3
83%
Attaque Tempête ATT S3
74%
Triangle Z TIR S3
69%
Ballon Illusoire ATT S3
60%
The Ashura GK ORION
26%
Aucun quiz correspondant
Distribution des résultats
% des personnes avec chaque résultat
Percentile par nombre de réponses
Votre historique - résultats
Vous n’avez pas pris ce quiz